00922cam a22002657a 450000500170000000800410001701000100005801100100006803500110007808200180008910000360010724500850014326000420022830000320027050000720030259000410037459000410041559000410045659000420049765000360053970000310057590100070060690500260061399900170063920220329143028.0050909d2002 mexa r 00010 spa d a90903 a91875 a102438 a621bS4Y 200200aShigley, Joseph Edward.910568810aDiseño en ingeniería mecánicac/por Joseph E. Shigley y Charles R. Mischke aMéxico, D.F. :bMcGraw-Hill,c2002. a1257 p.b: ilus. ; gráfs. aTrad. de : Mechanical engineering design, 6ed. en inglés de 2001. aBATCH-UPDb10c20130110lUCH01h1955 aBATCH-UPDb10c20130410lUCH01h1316 aBATCH-UPDb10c20130914lUCH01h1641 aCONVERSIONb10c20130109lUCH01h135014aIngeniería mecánica.9582600 aMischke, Charles R.976173 aBK aAlejandra Carrasco M. c90903d90903